Obchodom proti drogám
Spojené štáty sa pokúšajú vytláčať v Kolumbii nelegálny biznis s drogami. USA podpísali koncom februára 2006 s Kolumbiou dohodu o voľnom obchode. Voľné obchodovanie s legálnymi komoditami a službami by malo potlačiť nelegálny biznis s drogami. Vojenská pomoc Kolumbii. Všetka štedrá podpora Kolumbii...
Na minha lista:
| Autor principal: | |
|---|---|
| Formato: | Capítulo de Livro |
| Idioma: | eslovaco |
| Assuntos: | |
| Tags: |
Sem tags, seja o primeiro a adicionar uma tag!
|
MARC
| LEADER | 00000naa$a2200000$$$4500 | ||
|---|---|---|---|
| 001 | 0039878 | ||
| 005 | 20231009082806.4 | ||
| 041 | 0 | |a slo | |
| 044 | |a SK | ||
| 245 | 1 | 0 | |a Obchodom proti drogám |c Adrian Peter Pressburg |
| 520 | |a Spojené štáty sa pokúšajú vytláčať v Kolumbii nelegálny biznis s drogami. USA podpísali koncom februára 2006 s Kolumbiou dohodu o voľnom obchode. Voľné obchodovanie s legálnymi komoditami a službami by malo potlačiť nelegálny biznis s drogami. Vojenská pomoc Kolumbii. Všetka štedrá podpora Kolumbii má slúžiť na boj proti drogovým kartelom. Kritici uvoľnenia obchodu. Ako sa vymaniť z chudoby. | ||
| 610 | 2 | 0 | |a drogy |
| 610 | 2 | 0 | |a kartely |
| 610 | 2 | 0 | |a obchod čierny |
| 610 | 2 | 0 | |a obchod voľný |
| 610 | 2 | 0 | |a podpory |
| 610 | 2 | 0 | |a pomoc rozvojová |
| 610 | 2 | 0 | |a chudoba |
| 610 | 2 | 0 | |a Kolumbia |
| 610 | 2 | 0 | |a USA |
| 100 | 1 | |a Pressburg, Adrian Peter | |